| 000 | 00944nam a2200205 a 4500 | ||
|---|---|---|---|
| 001 | 000035448 | ||
| 005 | 20200930074341.0 | ||
| 008 | 111031s1952 ag ac 000 0 spa d | ||
| 040 |
_aDO-SdBNP _bspa _cBNPHU |
||
| 082 |
_axxxx _bM671p, 1952 |
||
| 100 | 1 |
_aMira y López, E. _961288 |
|
| 245 | 1 | 0 |
_aPsiquiatría / _cE. Mira y López. |
| 250 | _a4a ed. | ||
| 260 |
_aBuenos Aires : _bEl Ateneo, _c1952. |
||
| 300 |
_a3 v. : _bil, retr. ; _c26 cm. |
||
| 500 | _aIncluye referencias bibliográficas. | ||
| 505 | 0 |
_gv. 1 _tPsicología médica y psicopatología -- _gv. 2 _tPsiquiatría clínica / _rR. Araña Íniguez, _rJ. Galeano, _rRamón Melgar, _rBraulio A. Moyano -- _gv. 3 _tDiagnóstico, asistencia, tratamiento y profilaxis psiquiátricos / _rAbraham Mosovich, _rMario Yahn, _rE. Mariz de Oliveira Neto, _rPaulo F. de Barros, _rAloysio Mattos Pimenta. |
|
| 590 | _aPerteneció a la biblioteca personal de Juan Isidro Jimenes Grullón | ||
| 049 | _aBNGR | ||
| 999 |
_c34939 _d34939 |
||